|
|
|
|
| LEADER |
00939nam a2200229 a 4500 |
| 001 |
000612848 |
| 003 |
CZ BrMZK |
| 005 |
20040406100234.0 |
| 008 |
020726s1989 xr f cze d |
| 040 |
|
|
|a BOA001
|b cze
|c BOA001
|
| 080 |
|
|
|a 730(437.1)"19":92 Šarše
|2 MRF
|
| 100 |
1 |
|
|a Šarše, Michal,
|d 1956-
|7 jn20000728692
|4 art
|
| 245 |
1 |
0 |
|a Michal Šarše :
|b sochy : kresby : Okresní galerie výtvarného umění Náchod : Malá výstavní síň, říjen-prosinec 1989 : katalog výstavy /
|c text: Jan Kapusta ml.
|
| 246 |
3 |
3 |
|a Kresby
|
| 246 |
3 |
3 |
|a Sochy
|
| 260 |
|
|
|a Náchod :
|b Okresní galerie výtvarného umění,
|c 1989
|
| 300 |
|
|
|a 1 složený l.
|
| 700 |
1 |
|
|a Kapusta, Jan,
|d 1958-
|7 ola2002146311
|4 wfw
|
| 710 |
2 |
|
|a Okresní galerie výtvarného umění (Náchod, Česko)
|7 kn20031209001
|
| 910 |
|
|
|a BOA001
|b X2-0948.032
|
| 990 |
|
|
|a BK
|
| 996 |
6 |
|
|b 2619373433
|c X2-0948.032
|l MZK
|r Sklad / do 24 hodin
|n 0
|w 000612848
|u 000010
|a 1
|e BOA001
|j MZK50
|s P
|